[Event "NED-chT 2324"]
[Site "Netherlands"]
[Date "2023.11.04"]
[Round "3.7"]
[White "Ondersteijn, Niels"]
[Black "Wantola, Ivo"]
[Result "0-1"]
[WhiteElo "2378"]
[BlackElo "2352"]
[PlyCount "56"]
[EventDate "2023.09.16"]
[EventType "team-tourn"]
[EventRounds "9"]
[EventCountry "NED"]
[SourceTitle "EXT 2025"]
[Source "ChessBase"]
[SourceDate "2024.10.14"]
[SourceVersion "1"]
[SourceVersionDate "2024.10.14"]
[SourceQuality "1"]
[WhiteTeam "Paul Keres"]
[BlackTeam "Zuid Limburg"]
[WhiteTeamCountry "NED"]
[BlackTeamCountry "NED"]

1. d4 Nf6 2. c4 e5 3. dxe5 Ng4 4. e4 Nxe5 5. f4 Ng6 6. Nc3 Bc5 7. Qh5 Bb4 8. Nge2 0-0 9. a3 Bxc3+ 10. Nxc3 d6 11. f5 Ne5 12. Be2 f6 13. g4 Bd7 14. g5 fxg5 15. Bxg5 Qe8 16. Qh3 Nbc6 17. 0-0-0 Na5 18. c5 Nb3+ 19. Kb1 Nxc5 20. Rhg1 Kh8 21. Bh5 g6 22. Qh4 Nxe4 23. Nxe4 Bxf5 24. Be2 Qa4 25. Bd3 Nxd3 26. Bf6+ Kg8 27. Qh6 Rf7 28. Nc3 Ne1+ 0-1

[Event "NED-chT 2324"]
[Site "Netherlands"]
[Date "2023.10.07"]
[Round "2.1"]
[White "Wantola, Ivo"]
[Black "Roebers, Eline"]
[Result "1/2-1/2"]
[WhiteElo "2352"]
[BlackElo "2421"]
[PlyCount "23"]
[EventDate "2023.09.16"]
[EventType "team-tourn"]
[EventRounds "9"]
[EventCountry "NED"]
[SourceTitle "EXT 2025"]
[Source "ChessBase"]
[SourceDate "2024.10.14"]
[SourceVersion "1"]
[SourceVersionDate "2024.10.14"]
[SourceQuality "1"]
[WhiteTeam "Zuid Limburg"]
[BlackTeam "Kennemer Combinatie"]
[WhiteTeamCountry "NED"]
[BlackTeamCountry "NED"]

1. Nf3 Nf6 2. c4 g6 3. Nc3 Bg7 4. e4 d6 5. d4 0-0 6. Be2 Na6 7. 0-0 e5 8. Be3 Qe7 9. Qc2 exd4 10. Nxd4 c6 11. Rfe1 Re8 12. f3 1/2-1/2

[Event "NED-chT 2223"]
[Site "Netherlands"]
[Date "2023.04.01"]
[Round "8.3"]
[White "Kuipers, Stefan"]
[Black "Wantola, Ivo"]
[Result "1/2-1/2"]
[WhiteElo "2441"]
[BlackElo "2326"]
[PlyCount "68"]
[EventDate "2022.09.17"]
[EventType "team-tourn"]
[EventRounds "9"]
[EventCountry "NED"]
[SourceTitle "EXT 2024"]
[Source "ChessBase"]
[SourceDate "2023.10.10"]
[SourceVersion "1"]
[SourceVersionDate "2023.10.10"]
[SourceQuality "1"]
[WhiteTeam "Apeldoorn Amevo"]
[BlackTeam "Zuid Limburg"]
[WhiteTeamCountry "NED"]
[BlackTeamCountry "NED"]

1. e4 c5 2. Nf3 g6 3. c4 Nc6 4. d4 cxd4 5. Nxd4 Nf6 6. Nc3 d6 7. Be2 Nxd4 8. Qxd4 Bg7 9. 0-0 0-0 10. Qd3 Nd7 11. Be3 a6 12. Rfd1 b5 13. cxb5 axb5 14. Bd4 Ne5 15. Qxb5 Ba6 16. Qb3 Bxe2 17. Nxe2 Qd7 18. a4 Rfb8 19. Qc2 Rb4 20. a5 Qb7 21. Ra4 Rxa4 22. Qxa4 Qa6 23. Nc3 Qxa5 24. Qxa5 Rxa5 25. b4 Ra3 26. Nd5 e6 27. Ne7+ Kf8 28. Nc8 Nc4 29. g3 Rb3 30. Nxd6 Nxd6 31. Bc5 Be5 32. f4 Ke8 33. Bxd6 Bxd6 34. Rxd6 Rxb4 1/2-1/2

[Event "NED-chT 1819"]
[Site "Netherlands"]
[Date "2018.11.24"]
[Round "4.6"]
[White "Riemersma, Liafbern"]
[Black "Wantola, Ivo"]
[Result "1/2-1/2"]
[WhiteElo "2455"]
[BlackElo "2319"]
[PlyCount "64"]
[EventDate "2018.09.15"]
[EventType "team-tourn"]
[EventRounds "9"]
[EventCountry "NED"]
[SourceTitle "CBM 187 Extra"]
[Source "ChessBase"]
[SourceDate "2018.11.04"]
[SourceVersion "1"]
[SourceVersionDate "2018.11.04"]
[SourceQuality "1"]
[WhiteTeam "BSG"]
[BlackTeam "Zuid Limburg"]
[WhiteTeamCountry "NED"]
[BlackTeamCountry "NED"]

1. c4 c5 2. Nf3 g6 3. d4 cxd4 4. Nxd4 Nc6 5. e4 Nf6 6. Nc3 Nxd4 7. Qxd4 d6 8. Be2 Bg7 9. Bg5 0-0 10. Qd2 Be6 11. f3 Qa5 12. Nd5 Qxd2+ 13. Kxd2 Nxd5 14. exd5 f6 15. Bf4 Bd7 16. Rae1 Kf7 17. Bd3 a5 18. Re2 a4 19. h4 Rfe8 20. h5 f5 21. hxg6+ hxg6 22. g4 fxg4 23. fxg4 Bxg4 24. Rf2 Bf5 25. Bxf5 gxf5 26. Rh5 e6 27. dxe6+ Kxe6 28. Rh7 Be5 29. Bxe5 Kxe5 30. Rf7 Kd4 31. R2xf5 Kxc4 32. Rc7+ Kd4 1/2-1/2

[Event "BEL-chT 1819"]
[Site "Belgium"]
[Date "2018.10.07"]
[Round "2.5"]
[White "Wantola, Ivo"]
[Black "Leenaerts, Robin"]
[Result "1/2-1/2"]
[WhiteElo "2319"]
[BlackElo "2243"]
[PlyCount "46"]
[EventDate "2018.09.30"]
[EventType "team-tourn"]
[EventRounds "11"]
[EventCountry "BEL"]
[SourceTitle "CBM 186 Extra"]
[Source "ChessBase"]
[SourceDate "2018.08.24"]
[SourceVersion "1"]
[SourceVersionDate "2018.08.24"]
[SourceQuality "1"]
[WhiteTeam "Fontaine"]
[BlackTeam "Brasschaat"]
[WhiteTeamCountry "BEL"]
[BlackTeamCountry "BEL"]

1. Nf3 Nf6 2. c4 b6 3. g3 e6 4. Bg2 Bb7 5. 0-0 c5 6. Nc3 a6 7. Re1 Ne4 8. Nxe4 Bxe4 9. d3 Bb7 10. e4 Qc7 11. b3 e5 12. Bb2 Nc6 13. Nh4 g6 14. f4 d6 15. Bh3 Bh6 16. Ng2 Nd4 17. Rf1 Qe7 18. Kh1 0-0 19. f5 a5 20. f6 Qd8 21. Bc1 Bxc1 22. Qxc1 Kh8 23. Qh6 Rg8 1/2-1/2

[Event "NED-chT 1718"]
[Site "Netherlands"]
[Date "2018.02.03"]
[Round "6.1"]
[White "Wantola, Ivo"]
[Black "Riemersma, Liafbern"]
[Result "1/2-1/2"]
[WhiteElo "2308"]
[BlackElo "2449"]
[PlyCount "130"]
[EventDate "2017.09.16"]
[EventType "team-tourn"]
[EventRounds "9"]
[EventCountry "NED"]
[SourceTitle "EXT 2019"]
[Source "ChessBase"]
[SourceDate "2018.10.10"]
[SourceVersion "1"]
[SourceVersionDate "2018.10.10"]
[SourceQuality "1"]
[WhiteTeam "Voerendaal"]
[BlackTeam "BSG"]
[WhiteTeamCountry "NED"]
[BlackTeamCountry "NED"]

1. Nf3 d5 2. d4 Nf6 3. c4 e6 4. Nc3 Bb4 5. Bg5 dxc4 6. e4 b5 7. e5 h6 8. exf6 hxg5 9. fxg7 Rg8 10. a4 Bb7 11. axb5 Nd7 12. Bxc4 g4 13. Nd2 Rxg7 14. Qb3 Bd6 15. Nde4 Nf6 16. d5 exd5 17. Nxf6+ Qxf6 18. Bxd5 Qe5+ 19. Kf1 Bxd5 20. Nxd5 Kf8 21. Re1 Qf5 22. Ne3 Qc5 23. g3 Rb8 24. h3 gxh3 25. Rxh3 Qxb5+ 26. Qxb5 Rxb5 27. Nc4 Rg4 28. Nxd6 cxd6 29. Rh6 Rd4 30. Re2 Kg7 31. Rh4 Rxh4 32. gxh4 Kf6 33. Kg2 a5 34. Kg3 Kf5 35. f3 Rb8 36. Re7 Rg8+ 37. Kf2 Kf6 38. Rd7 Ke6 39. Rb7 Rh8 40. Kg3 Rg8+ 41. Kh2 d5 42. Rb6+ Ke5 43. Rb5 a4 44. Ra5 f5 45. Rxa4 d4 46. Ra5+ Kf4 47. Rd5 Ke3 48. Re5+ Kf2 49. Rd5 Ke3 50. Re5+ Kxf3 51. Rxf5+ Ke3 52. Re5+ Kf4 53. Rd5 Ke4 54. Rd7 d3 55. Kh3 Ke3 56. h5 d2 57. Kh4 Rg1 58. h6 d1Q 59. Rxd1 Rxd1 60. Kg5 Ke4 61. h7 Rh1 62. Kg6 Ke5 63. Kg7 Rg1+ 64. Kf7 Rh1 65. Kg7 Rg1+ 1/2-1/2

[Event "NED-chT 1718"]
[Site "Netherlands"]
[Date "2017.12.16"]
[Round "5.5"]
[White "Kuipers, Stefan"]
[Black "Wantola, Ivo"]
[Result "1-0"]
[WhiteElo "2403"]
[BlackElo "2308"]
[PlyCount "139"]
[EventDate "2017.09.16"]
[EventType "team-tourn"]
[EventRounds "9"]
[EventCountry "NED"]
[SourceTitle "EXT 2019"]
[Source "ChessBase"]
[SourceDate "2018.10.10"]
[SourceVersion "1"]
[SourceVersionDate "2018.10.10"]
[SourceQuality "1"]
[WhiteTeam "Apeldoorn"]
[BlackTeam "Voerendaal"]
[WhiteTeamCountry "NED"]
[BlackTeamCountry "NED"]

1. e4 c5 2. Nf3 g6 3. c3 Bg7 4. d4 cxd4 5. cxd4 d5 6. e5 Nc6 7. Bb5 Bd7 8. Nc3 e6 9. 0-0 h6 10. Be2 Nge7 11. b4 0-0 12. Ba3 Re8 13. b5 Na5 14. Bb4 Rc8 15. Bd3 Nc4 16. Rb1 Kh7 17. Nd2 Nxd2 18. Qxd2 Nf5 19. Ne2 Bf8 20. Bxf8 Rxf8 21. Rfc1 Qe7 22. Qa5 Rxc1+ 23. Rxc1 Rc8 24. Rxc8 Bxc8 25. g3 b6 26. Qc3 Qb7 27. h4 Kg7 28. a4 Bd7 29. Nf4 Qc8 30. Qb2 Ne7 31. Qa3 Ng8 32. Qd6 Be8 33. Kh2 Qd7 34. Qa3 Ne7 35. Ng2 Qc7 36. Ne3 Ng8 37. Ng4 Qe7 38. Qc3 Qd8 39. Kg2 Bd7 40. Ne3 Qc8 41. Qa3 Qc7 42. Kf1 Bc8 43. Ng4 Qd8 44. Qc1 Bb7 45. Kg2 Qc8 46. Qa3 Qc7 47. Kh2 Bc8 48. Ne3 Bb7 49. Bb1 a6 50. h5 gxh5 51. Qd3 axb5 52. axb5 Kf8 53. Qa3+ Kg7 54. Qd3 Kf8 55. Qh7 Qe7 56. Ng2 f5 57. Qh8 Bc8 58. Nf4 Qf7 59. Bd3 Bd7 60. Kh3 Qg7 61. Qxg7+ Kxg7 62. Nxh5+ Kf7 63. f3 Ke7 64. Nf4 Kf7 65. Nh5 Ke7 66. Kh4 Kf7 67. g4 fxg4 68. fxg4 Ke7 69. Bh7 Bxb5 70. Bxg8 1-0

[Event "NED-chT 1718"]
[Site "Netherlands"]
[Date "2017.09.16"]
[Round "1.8"]
[White "Wantola, Ivo"]
[Black "Pel, Bonno"]
[Result "1-0"]
[WhiteElo "2308"]
[BlackElo "2248"]
[PlyCount "97"]
[EventDate "2017.09.16"]
[EventType "team-tourn"]
[EventRounds "9"]
[EventCountry "NED"]
[SourceTitle "EXT 2019"]
[Source "ChessBase"]
[SourceDate "2018.10.10"]
[SourceVersion "1"]
[SourceVersionDate "2018.10.10"]
[SourceQuality "1"]
[WhiteTeam "Voerendaal"]
[BlackTeam "Groningen Combinatie"]
[WhiteTeamCountry "NED"]
[BlackTeamCountry "NED"]

1. Nf3 g6 2. c4 Bg7 3. d4 d6 4. e4 e5 5. Be2 Nc6 6. d5 Nce7 7. Nc3 h6 8. 0-0 f5 9. exf5 gxf5 10. Nh4 Bf6 11. Bh5+ Kf8 12. Nf3 Rh7 13. Ne1 Bd7 14. f4 Rg7 15. fxe5 dxe5 16. Nd3 Ng6 17. Kh1 Qe7 18. a4 Bg5 19. Ne4 Bxc1 20. Rxc1 Nf6 21. Nxf6 Qxf6 22. Qd2 Kg8 23. Rce1 Re8 24. b3 Kh7 25. Qb2 Rge7 26. Nc5 Bc8 27. Ne4 Qh4 28. g3 Qh3 29. Nf6+ Kg7 30. Nxe8+ Rxe8 31. Bxg6 Kxg6 32. Kg1 e4 33. Qe2 Rg8 34. Qg2 Qg4 35. Rf4 Qg5 36. Qh3 Kh7 37. Ref1 Rg6 38. Qg2 Rb6 39. Qb2 Bd7 40. a5 Rg6 41. Qe5 Qd8 42. c5 Kg8 43. Rxf5 Bxf5 44. Qxf5 Qe8 45. Rf4 Rg5 46. Rxe4 Qf8 47. Qe6+ Kh8 48. Qe8 Kg8 49. d6 1-0

[Event "BEL-chT 1617"]
[Site "Belgium"]
[Date "2017.02.19"]
[Round "8.2"]
[White "Wantola, Ivo"]
[Black "Piceu, Tom"]
[Result "1/2-1/2"]
[WhiteElo "2329"]
[BlackElo "2363"]
[PlyCount "174"]
[EventDate "2016.10.02"]
[EventType "team-tourn"]
[EventRounds "11"]
[EventCountry "BEL"]
[SourceTitle "EXT 2018"]
[Source "ChessBase"]
[SourceDate "2017.10.13"]
[SourceVersion "1"]
[SourceVersionDate "2017.10.13"]
[SourceQuality "1"]
[WhiteTeam "Fontaine"]
[BlackTeam "KBSK Brugge"]
[WhiteTeamCountry "BEL"]
[BlackTeamCountry "BEL"]

1. Nf3 c5 2. c4 Nf6 3. Nc3 g6 4. g3 Bg7 5. Bg2 0-0 6. 0-0 Nc6 7. d4 cxd4 8. Nxd4 Nxd4 9. Qxd4 d6 10. Qd3 Nd7 11. b3 Nc5 12. Qd2 Bd7 13. Bb2 Bc6 14. e4 a5 15. Rab1 Qb6 16. Ba1 Rfe8 17. Rfe1 Rac8 18. h4 Ne6 19. Bh3 Nd4 20. Qe3 Rcd8 21. Nd5 Qc5 22. Red1 e5 23. Rbc1 Qa3 24. Bc3 a4 25. b4 Bxd5 26. Bxd4 Qxe3 27. Bxe3 Bxe4 28. Bb6 Bf3 29. Bxd8 Bxd1 30. Bc7 Be2 31. Bxd6 e4 32. Bf1 Bf3 33. Bf4 Bb2 34. Rb1 a3 35. Bc1 Bd4 36. Rb3 Rd8 37. Bxa3 Be5 38. Bg2 Rd1+ 39. Kh2 Bxg2 40. Kxg2 Rd2 41. Bc1 Rc2 42. Be3 Rxc4 43. Bc5 b5 44. Ra3 Bd4 45. Ra8+ Kg7 46. Bxd4+ Rxd4 47. a3 Rd2 48. Kf1 f5 49. Ra5 Ra2 50. Rxb5 Rxa3 51. Rb7+ Kh6 52. b5 Ra2 53. b6 Rb2 54. Ke1 Kh5 55. Rxh7+ Kg4 56. h5 gxh5 57. Rg7+ Kf3 58. Rg5 f4 59. Rf5 Rb1+ 60. Kd2 Kxf2 61. Rxf4+ Kxg3 62. Rxe4 Rxb6 63. Re3+ Kf4 64. Re8 Rf6 65. Ke1 Kg3 66. Re3+ Kg2 67. Re2+ Kg1 68. Re4 Rf5 69. Ke2 Kg2 70. Ke1 Rg5 71. Kd2 Rg4 72. Re2+ Kg3 73. Re3+ Kh2 74. Ke1 Rf4 75. Ke2 Kg2 76. Re5 h4 77. Rg5+ Kh2 78. Ke3 Rf8 79. Ke2 h3 80. Rg7 Ra8 81. Kf1 Ra1+ 82. Kf2 Ra2+ 83. Kf1 Rg2 84. Rf7 Rg4 85. Rf2+ Kg3 86. Kg1 Rd4 87. Rg2+ hxg2 1/2-1/2

[Event "BEL-chT 1617"]
[Site "Belgium"]
[Date "2016.12.04"]
[Round "5.2"]
[White "Pijpers, Arthur"]
[Black "Wantola, Ivo"]
[Result "1-0"]
[WhiteElo "2469"]
[BlackElo "2329"]
[PlyCount "93"]
[EventDate "2016.10.02"]
[EventType "team-tourn"]
[EventRounds "11"]
[EventCountry "BEL"]
[SourceTitle "EXT 2018"]
[Source "ChessBase"]
[SourceDate "2017.10.13"]
[SourceVersion "1"]
[SourceVersionDate "2017.10.13"]
[SourceQuality "1"]
[WhiteTeam "KGSRL"]
[BlackTeam "Fontaine"]
[WhiteTeamCountry "BEL"]
[BlackTeamCountry "BEL"]

1. e4 c5 2. Nf3 g6 3. d4 cxd4 4. Nxd4 Nc6 5. Nc3 Bg7 6. Be3 Nf6 7. Bc4 0-0 8. Bb3 d6 9. f3 Bd7 10. h4 Na5 11. Qd2 Nxb3 12. cxb3 Qc7 13. 0-0-0 b5 14. Kb1 b4 15. Nce2 a5 16. h5 a4 17. bxa4 Rxa4 18. b3 Ra5 19. hxg6 fxg6 20. Qxb4 Rb8 21. Qc3 Rc5 22. Qd2 Qb7 23. Nc3 Qb4 24. Rc1 Ra5 25. Nce2 Qa3 26. Qb2 Qxb2+ 27. Kxb2 Ne8 28. Rhd1 d5 29. exd5 Rxd5 30. Nc3 Ra5 31. Ne4 Rba8 32. a4 Rb8 33. Ka3 Nd6 34. Nxd6 exd6 35. Rc7 Bxa4 36. bxa4 Rba8 37. Kb3 Rxa4 38. Nc2 R4a6 39. Bd4 Bf8 40. Nb4 Ra3+ 41. Kc2 R8a5 42. Re1 Rf5 43. Re8 Rf7 44. Rcc8 Rf4 45. Nc6 g5 46. Nd8 Ra4 47. Ne6 1-0

[Event "Leiden Noteboom Memorial 76th"]
[Site "Leiden"]
[Date "2016.02.06"]
[Round "3"]
[White "Hilwerda, Jonas"]
[Black "Wantola, Ivo"]
[Result "0-1"]
[WhiteElo "2014"]
[BlackElo "2356"]
[PlyCount "82"]
[EventDate "2016.02.05"]
[EventType "swiss"]
[EventRounds "6"]
[EventCountry "NED"]
[SourceTitle "CBM 170 Extra"]
[Source "ChessBase"]
[SourceDate "2016.02.25"]
[SourceVersion "1"]
[SourceVersionDate "2016.02.25"]
[SourceQuality "1"]

1. e4 c5 2. Nf3 g6 3. d4 cxd4 4. Qxd4 Nf6 5. Bb5 Nc6 6. Bxc6 dxc6 7. Qxd8+ Kxd8 8. Nc3 Bg7 9. Bf4 Bg4 10. 0-0-0+ Kc8 11. Rd2 Bxf3 12. gxf3 Nh5 13. Be3 Rd8 14. Rhd1 Kc7 15. Ne2 b6 16. Rxd8 Rxd8 17. Rxd8 Kxd8 18. c3 Kd7 19. Kd2 Be5 20. f4 Bc7 21. Kd3 f5 22. e5 Ng7 23. Ng1 Ne6 24. Nf3 a6 25. b3 b5 26. b4 Ke8 27. Nd4 Nd8 28. Nb3 Nb7 29. Nc5 Nxc5+ 30. Bxc5 Kd7 31. Be3 Ke6 32. f3 Kd5 33. Bf2 a5 34. a3 a4 35. Bh4 e6 36. Be7 Bb6 37. h3 Bf2 38. Bf8 c5 39. Be7 cxb4 40. cxb4 Bd4 41. Kc2 Kc4 0-1

[Event "Leiden SB-chA"]
[Site "Leiden"]
[Date "2015.06.30"]
[Round "7"]
[White "Wantola, Ivo"]
[Black "Van Wessel, Rudy"]
[Result "1/2-1/2"]
[WhiteElo "2374"]
[BlackElo "2393"]
[PlyCount "40"]
[EventDate "2015.05.19"]
[EventType "swiss"]
[EventRounds "7"]
[EventCountry "NED"]
[SourceTitle "EXT 2018"]
[Source "ChessBase"]
[SourceDate "2017.10.13"]
[SourceVersion "1"]
[SourceVersionDate "2017.10.13"]
[SourceQuality "1"]

1. Nf3 Nf6 2. c4 b6 3. g3 Bb7 4. Bg2 e6 5. 0-0 c5 6. Nc3 Be7 7. Re1 d5 8. cxd5 exd5 9. d4 0-0 10. Bf4 c4 11. Ne5 Nc6 12. Rc1 Na5 13. Bg5 Re8 14. f4 a6 15. Bxf6 Bxf6 16. e4 dxe4 17. Nxe4 Rc8 18. Nxf6+ Qxf6 19. Bxb7 Nxb7 20. Rxc4 Rxc4 1/2-1/2

[Event "Leiden SB-chA"]
[Site "Leiden"]
[Date "2015.06.02"]
[Round "3"]
[White "Wantola, Ivo"]
[Black "Oei, Hway Ik"]
[Result "1-0"]
[WhiteElo "2374"]
[BlackElo "2011"]
[PlyCount "71"]
[EventDate "2015.05.19"]
[EventType "swiss"]
[EventRounds "7"]
[EventCountry "NED"]
[SourceTitle "EXT 2018"]
[Source "ChessBase"]
[SourceDate "2017.10.13"]
[SourceVersion "1"]
[SourceVersionDate "2017.10.13"]
[SourceQuality "1"]

1. Nf3 Nf6 2. c4 b6 3. g3 Bb7 4. Bg2 e6 5. b3 c6 6. 0-0 d5 7. Bb2 Be7 8. d3 0-0 9. Nbd2 c5 10. e3 Nbd7 11. Qe2 Qc7 12. Rac1 Rac8 13. Rfd1 Qb8 14. cxd5 Nxd5 15. d4 cxd4 16. Nxd4 Nc5 17. a3 Nf6 18. e4 Qa8 19. f3 Rfd8 20. Qe3 Ne8 21. Bh3 Rc7 22. b4 Na4 23. Ba1 Rxc1 24. Rxc1 e5 25. Nf5 Bf6 26. Nc4 Qb8 27. Bf1 Bc8 28. Nxe5 Bxe5 29. Ne7+ Kf8 30. Nc6 Bxa1 31. Nxb8 Bd4 32. Qxd4 Rxd4 33. Rxc8 Rd1 34. Kg2 Rd2+ 35. Kh3 Ke7 36. Nc6+ 1-0

[Event "NED-chT 1415"]
[Site "Netherlands"]
[Date "2015.03.07"]
[Round "6.7"]
[White "Wantola, Ivo"]
[Black "Nieuwenhuis, Pieter"]
[Result "0-1"]
[WhiteElo "2330"]
[BlackElo "2216"]
[PlyCount "82"]
[EventDate "2014.09.27"]
[EventType "team-tourn"]
[EventRounds "9"]
[EventCountry "NED"]
[SourceTitle "EXT 2016"]
[Source "ChessBase"]
[SourceDate "2015.10.08"]
[SourceVersion "1"]
[SourceVersionDate "2015.10.08"]
[SourceQuality "1"]
[WhiteTeam "Voerendaal"]
[BlackTeam "Utrecht"]
[WhiteTeamCountry "NED"]
[BlackTeamCountry "NED"]

1. Nf3 c5 2. c4 Nc6 3. d4 cxd4 4. Nxd4 Nf6 5. g3 e5 6. Nb5 Bb4+ 7. N1c3 d6 8. a3 Bxc3+ 9. bxc3 0-0 10. Bg2 Ne8 11. a4 Na5 12. c5 Be6 13. Ba3 Bb3 14. Qd3 d5 15. 0-0 e4 16. Qb1 Bc4 17. Nd4 Qc7 18. f3 exf3 19. Rxf3 Nc6 20. Qf5 Nf6 21. Qg5 Ne4 22. Qh4 Ne5 23. Re3 Ng6 24. Qh5 Rfe8 25. Rf1 Nf6 26. Qf3 Rxe3 27. Qxe3 Re8 28. Qd2 Ne4 29. Qb2 h5 30. Rb1 Ba6 31. c4 dxc4 32. Nf5 c3 33. Qc2 Nd2 34. Qxc3 Qe5 35. Qxd2 Qxf5 36. Rf1 Qg4 37. Bd5 Rxe2 38. Bxf7+ Kh7 39. Qd8 Ne7 40. Qd1 Qe4 41. Qb1 Bd3 0-1

[Event "BEL-chT 1415"]
[Site "Belgium"]
[Date "2015.03.01"]
[Round "9.3"]
[White "Wantola, Ivo"]
[Black "Laurent, Julien G"]
[Result "1/2-1/2"]
[WhiteElo "2330"]
[BlackElo "2252"]
[PlyCount "48"]
[EventDate "2014.09.28"]
[EventType "team-swiss"]
[EventRounds "11"]
[EventCountry "BEL"]
[SourceTitle "EXT 2016"]
[Source "ChessBase"]
[SourceDate "2015.10.08"]
[SourceVersion "1"]
[SourceVersionDate "2015.10.08"]
[SourceQuality "1"]
[WhiteTeam "Fontaine"]
[BlackTeam "Namur"]
[WhiteTeamCountry "BEL"]
[BlackTeamCountry "BEL"]

1. Nf3 Nf6 2. c4 e6 3. Nc3 c5 4. g3 b6 5. Bg2 Bb7 6. 0-0 Be7 7. Re1 d6 8. e4 Nbd7 9. d4 cxd4 10. Nxd4 Qc7 11. Be3 a6 12. Rc1 0-0 13. f4 Rfe8 14. f5 e5 15. Nb3 Nc5 16. Nxc5 dxc5 17. g4 h6 18. Qf3 Rad8 19. Qg3 Rd3 20. Rcd1 Rxd1 21. Rxd1 Rd8 22. Rxd8+ Qxd8 23. Nd5 Ne8 24. Bf1 Bg5 1/2-1/2

[Event "NED-chT 1415"]
[Site "Netherlands"]
[Date "2015.02.07"]
[Round "5.8"]
[White "Wantola, Ivo"]
[Black "Den Hartog, Marijn"]
[Result "1-0"]
[WhiteElo "2330"]
[BlackElo "2147"]
[PlyCount "57"]
[EventDate "2014.09.27"]
[EventType "team-tourn"]
[EventRounds "9"]
[EventCountry "NED"]
[SourceTitle "EXT 2016"]
[Source "ChessBase"]
[SourceDate "2015.10.08"]
[SourceVersion "1"]
[SourceVersionDate "2015.10.08"]
[SourceQuality "1"]
[WhiteTeam "Voerendaal"]
[BlackTeam "Rotterdam"]
[WhiteTeamCountry "NED"]
[BlackTeamCountry "NED"]

1. Nf3 Nf6 2. c4 g6 3. Nc3 Bg7 4. e4 d6 5. d4 0-0 6. Be2 e5 7. 0-0 Nc6 8. d5 Ne7 9. b4 a5 10. Ba3 Re8 11. c5 axb4 12. Bxb4 dxc5 13. Bxc5 c6 14. dxc6 Nxc6 15. Bc4 Qxd1 16. Rfxd1 h6 17. h3 Bf8 18. Bxf8 Kxf8 19. Bb5 Ra5 20. a4 Be6 21. Rac1 Rc8 22. Kf1 Bb3 23. Rd6 Kg7 24. Nd2 Be6 25. Ne2 Na7 26. Rxc8 Bxc8 27. Nc3 Nxb5 28. axb5 Bd7 29. Rb6 1-0

[Event "BEL-chT 1415"]
[Site "Belgium"]
[Date "2015.01.11"]
[Round "6.2"]
[White "Wantola, Ivo"]
[Black "Vandenbussche, Thibaut"]
[Result "1-0"]
[WhiteElo "2330"]
[BlackElo "2417"]
[PlyCount "87"]
[EventDate "2014.09.28"]
[EventType "team-swiss"]
[EventRounds "11"]
[EventCountry "BEL"]
[SourceTitle "EXT 2016"]
[Source "ChessBase"]
[SourceDate "2015.10.08"]
[SourceVersion "1"]
[SourceVersionDate "2015.10.08"]
[SourceQuality "1"]
[WhiteTeam "Fontaine"]
[BlackTeam "KGSRL"]
[WhiteTeamCountry "BEL"]
[BlackTeamCountry "BEL"]

1. Nf3 g6 2. c4 Bg7 3. d4 d6 4. Nc3 e5 5. e4 exd4 6. Nxd4 Nc6 7. Be3 Nf6 8. Be2 0-0 9. 0-0 Re8 10. f3 Nh5 11. Qd2 Nf4 12. Rfd1 Nxd4 13. Bxd4 Qg5 14. Bf1 Bh6 15. Kh1 Ne6 16. Qxg5 Bxg5 17. Bf2 a5 18. b3 Bf6 19. Rac1 a4 20. b4 a3 21. g3 c6 22. Rd3 Nc7 23. Bd4 Bxd4 24. Rxd4 c5 25. Rxd6 cxb4 26. Nd5 Nxd5 27. cxd5 b3 28. axb3 a2 29. Ra1 f5 30. Bb5 Re5 31. Rd8+ Kf7 32. Bd7 Bxd7 33. Rxa8 fxe4 34. fxe4 Rxe4 35. R8xa2 Bf5 36. Ra7 Rb4 37. Rd1 Ke7 38. d6+ Kd7 39. Ra4 Rxa4 40. bxa4 Bc2 41. Rd4 Bf5 42. Kg2 Kc6 43. Kf3 Bd7 44. Ke4 1-0

[Event "NED-chT 1415"]
[Site "Netherlands"]
[Date "2014.11.22"]
[Round "3.5"]
[White "Bosch, Jeroen"]
[Black "Wantola, Ivo"]
[Result "1/2-1/2"]
[WhiteElo "2378"]
[BlackElo "2330"]
[PlyCount "55"]
[EventDate "2014.09.27"]
[EventType "team-tourn"]
[EventRounds "9"]
[EventCountry "NED"]
[SourceTitle "EXT 2016"]
[Source "ChessBase"]
[SourceDate "2015.10.08"]
[SourceVersion "1"]
[SourceVersionDate "2015.10.08"]
[SourceQuality "1"]
[WhiteTeam "Calder HMC"]
[BlackTeam "Voerendaal"]
[WhiteTeamCountry "NED"]
[BlackTeamCountry "NED"]

1. Nf3 c5 2. c4 g6 3. Nc3 Bg7 4. g3 Nf6 5. Bg2 0-0 6. d4 cxd4 7. Nxd4 Nc6 8. 0-0 Nxd4 9. Qxd4 d6 10. Qd3 Bf5 11. e4 Be6 12. b3 Qc8 13. Bd2 Bh3 14. Rac1 Bxg2 15. Kxg2 Qc6 16. f3 Rfe8 17. Be3 Nd7 18. Rc2 b6 19. Qd2 a6 20. Nd5 Qb7 21. h4 h5 22. Bd4 Rac8 23. Rfc1 Rc6 24. Be3 Ne5 25. Nb4 Rc7 26. Nd5 Rc6 27. Nb4 Rc7 28. Nd5 1/2-1/2

[Event "Leiden SB-chA"]
[Site "Leiden"]
[Date "2014.06.17"]
[Round "6"]
[White "Wantola, Ivo"]
[Black "Pijpers, Arthur"]
[Result "1/2-1/2"]
[WhiteElo "2366"]
[BlackElo "2383"]
[PlyCount "49"]
[EventDate "2014.05.13"]
[EventType "swiss"]
[EventRounds "7"]
[EventCountry "NED"]
[SourceTitle "EXT 2015"]
[Source "ChessBase"]
[SourceDate "2014.11.20"]
[SourceVersion "1"]
[SourceVersionDate "2014.11.20"]
[SourceQuality "1"]

1. d4 Nf6 2. g3 d5 3. Bg2 c5 4. Nf3 cxd4 5. 0-0 h6 6. b3 Bg4 7. Bb2 Bxf3 8. exf3 Nc6 9. Bxd4 Nxd4 10. Qxd4 g6 11. Nc3 Bg7 12. Rad1 e6 13. Qb4 Qe7 14. Qa4+ Qd7 15. Qxd7+ Nxd7 16. Nb5 Ke7 17. f4 a6 18. Nd4 Rab8 19. Rfe1 Rhc8 20. Bxd5 Bxd4 21. Rxd4 Rxc2 22. Bf3 a5 23. Red1 Nc5 24. R4d2 Rxd2 25. Rxd2 1/2-1/2

[Event "NED-chT 1314"]
[Site "Netherlands"]
[Date "2014.03.08"]
[Round "6.3"]
[White "Wantola, Ivo"]
[Black "Bernink, Henk"]
[Result "1/2-1/2"]
[WhiteElo "2351"]
[BlackElo "2224"]
[PlyCount "107"]
[EventDate "2013.09.21"]
[EventType "team-tourn"]
[EventRounds "9"]
[EventCountry "NED"]
[SourceTitle "EXT 2015"]
[Source "ChessBase"]
[SourceDate "2014.11.20"]
[SourceVersion "1"]
[SourceVersionDate "2014.11.20"]
[SourceQuality "1"]
[WhiteTeam "Voerendaal"]
[BlackTeam "ESG Max Euwe"]
[WhiteTeamCountry "NED"]
[BlackTeamCountry "NED"]

1. Nf3 g6 2. d4 Bg7 3. e4 c6 4. c4 d6 5. Nc3 Nh6 6. Be2 Qc7 7. h3 f6 8. Be3 Nf7 9. Qd2 e5 10. 0-0 0-0 11. Nh2 f5 12. f4 Na6 13. fxe5 dxe5 14. d5 f4 15. Bf2 Rd8 16. a3 cxd5 17. cxd5 Bd7 18. Rfc1 Qd6 19. b4 Nc7 20. Qc2 b6 21. b5 Ne8 22. a4 Nf6 23. a5 Bf8 24. Bd3 Qb4 25. Qd2 Bc5 26. Ra4 Bxf2+ 27. Qxf2 Qd6 28. Rca1 Rac8 29. Rc4 Rxc4 30. Bxc4 Qb4 31. axb6 axb6 32. Qxb6 Qxc3 33. Ra4 Rc8 34. Qxf6 Rxc4 35. Rxc4 Qxc4 36. Nf3 Qxb5 37. Nxe5 Qc5+ 38. Kh2 Nxe5 39. Qxe5 f3 40. Qf6 Qf8 41. Qxf3 Qxf3 42. gxf3 Kf7 43. h4 Ba4 44. Kg3 Kf6 45. f4 Bd1 46. Kf2 Ke7 47. Ke3 Kd6 48. Kd4 Bg4 49. Kc4 Bh3 50. Kd4 Bg2 51. e5+ Kd7 52. Kc5 Bh3 53. Kd4 Bf5 54. Kc5 1/2-1/2